Guess the Taylor Swift Song with no hints - #7 - Statistics

General Stats
  • This quiz has been taken 94 times
  • The average score is 200 of 310
Answer Stats
answers % Correct
I
100%
you
100%
a
97%
in
93%
In
93%
me
93%
"Your
93%
your
93%
he
92%
the
92%
it
90%
an
89%
and
89%
And
89%
love
87%
love,
87%
on
87%
be
86%
is
86%
we
86%
We
86%
Did
85%
my
85%
My
85%
so
85%
that
85%
To
85%
where
85%
at
83%
I'm
82%
were
80%
didn't,
79%
didn't
79%
if
79%
No,
79%
but
76%
was
76%
all
75%
her
75%
it's
75%
Like
75%
see
75%
'Cause
72%
with
72%
by
69%
oh
68%
Some
68%
up
66%
just
65%
not
65%
friend's
61%
wanna
58%
has
55%
Paris
55%
Paris,
55%
someone
55%
though
55%
down
54%
Met
54%
somewhere
54%
else
51%
ex
51%
kissed
51%
yours
51%
sister
49%
loving
48%
that's
48%
might
46%
stop
46%
club
45%
make
45%
breathing
44%
forever
44%
guy
44%
Into
44%
lights
44%
news
44%
bedroom
42%
mind
42%
only
42%
thanks,
42%
Yes,
42%
ages
41%
photos?"
41%
ago
39%
ceiling
39%
champagne
39%
hooked
39%
outfits
39%
terrible
39%
unbearable
39%
view
39%
2003
38%
Drew
38%
drew
38%
Let
38%
map
38%
sign
38%
taken
38%
door
37%
keep
37%
tree
37%
wannabe
37%
alleyway,
35%
believe
35%
drinking
35%
made
35%
mean,
35%
transport
35%
world
35%
brainwash
34%
kind
34%
truth
34%
under
34%
clever
32%
Romance
32%
shade
32%
wine,
32%
culture's
31%
letters
31%
side
31%
Sit
31%
whole
31%
Cheap
30%
Confess
30%
dead
30%
grown
30%
midnight
30%
pretend
30%
Z-lister
30%
Privacy
28%
cursive
27%
flashing
27%
thrown
27%
tower
27%
Turns out,
25%
alleyways
24%
messes
23%
page
23%
Stumbled
23%
sloping,
20%
swooping,
20%
Levitate
18%
quiet
18%
above
17%
No matching quizzes found
Score Distribution
Percent of People with Each Score
Percentile by Number Answered
Your Score History
You have not taken this quiz